|
|
|
|
| LEADER |
00000cam a2200000 i 4500 |
| 001 |
1/77516 |
| 008 |
050527s1989 gr | ||| |||| ||gre|| |
| 035 |
|
|
|l 10078260
|
| 040 |
|
|
|a GR-MyUa
|b gre
|e AACR2
|
| 041 |
1 |
|
|a gre
|h eng
|
| 082 |
7 |
|
|a 823.914
|2 (22)
|
| 100 |
1 |
|
|a Rushdie, Salman.
|
| 245 |
1 |
3 |
|a Οι σατανικοί στίχοι /
|c Salman Rushdie ; μετάφραση: Πέτρος Ψηλορείτης.
|
| 260 |
|
|
|a Αθήνα:
|b Λιβάνης,
|c 1989.
|
| 300 |
|
|
|a 676 σ. ;
|c 21 εκ.
|
| 650 |
|
0 |
|a Survival after airplane accidents, shipwrecks, etc.
|x Fiction.
|
| 650 |
|
0 |
|a East indians
|z England
|x Fiction.
|
| 651 |
|
0 |
|a London (England)
|v Fiction.
|
| 700 |
1 |
|
|a Ψηλορείτης, Πέτρος,
|e trl
|
| 765 |
0 |
8 |
|i Μετάφραση του:
|t The satanic verses /
|
| 852 |
|
|
|a INST
|b RHODES
|c KRI
|e 20050527
|h 823.914 RUS
|p 005400023448
|q 005400023448
|t BK
|y 0
|
| 901 |
|
|
|a BIBL4-2005-2
|
| 970 |
|
|
|a Σιδερή
|b Νεκταρία
|z 2005/05/27
|